书目信息 |
| 题名: |
经典针灸学
|
|
| 作者: | 康锁彬 主编 | |
| 分册: | ||
| 出版信息: | 石家庄 河北科学技术出版社 2010.11 |
|
| 页数: | 391页 | |
| 开本: | 26cm | |
| 丛书名: | 中医针灸通释 | |
| 单 册: | ||
| 中图分类: | R245 | |
| 科图分类: | 62.271 | |
| 主题词: | 灸法 , 针刺疗法 | |
| 电子资源: | ||
| ISBN: | 978-7-5375-1393-7 | |
| 000 | 01120nam0 2200409 450 | |
| 000 | 01080nam0 2200397 450 | |
| 000 | 01043nam0 2200385 450 | |
| 000 | 00997nam0 2200373 450 | |
| 000 | 00957nam0 2200373 450 | |
| 000 | 00903nam0 2200349 450 | |
| 000 | 00865nam0 2200337 450 | |
| 000 | 00798nam0 2200325 450 | |
| 000 | 00744nam0 2200301 450 | |
| 000 | 00706nam0 2200289 450 | |
| 000 | 00628oam2 22002531 450 | |
| 001 | 0197103458 | |
| 005 | 20110401143640.11 | |
| 010 | @a978-7-5375-1393-7@dCNY45.00 | |
| 100 | @a20021005d2010 em y0chiy0110 ea | |
| 101 | 0 | @achi |
| 102 | @aCN@b130000 | |
| 105 | @af z 000yy | |
| 200 | 1 | @a经典针灸学@Ajing dian zhen jiu xue@9zhen fa jiu fa xue@f康锁彬主编 |
| 210 | @a石家庄@c河北科学技术出版社@d2010.11 | |
| 215 | @a391页@c插图@d26cm | |
| 225 | 2 | @a中医针灸通释 |
| 410 | 0 | @12001@@@@a中医针灸通释 |
| 461 | 0 | @12001@@@@a中医针灸通释 |
| 606 | 0 | @a灸法 |
| 606 | 0 | @a针刺疗法 |
| 690 | @aR245@v5 | |
| 692 | @a62.271 | |
| 701 | 0 | @a康锁彬@9kang suo bin@4主编 |
| 801 | 0 | @c20110401 |
| 905 | @aBZT@dR245@e24 | |
| 906 | @n0@r1 | |
| 经典针灸学/康锁彬主编.-石家庄:河北科学技术出版社,2010.11 |
| 391页:插图;26cm.-(中医针灸通释) |
| ISBN 978-7-5375-1393-7:CNY45.00 |
| ● |
| 相关链接 |
|
|
|
正题名:经典针灸学
索取号:R245/24
 
预约/预借
| 序号 | 登录号 | 条形码 | 馆藏地/架位号 | 状态 | 备注 |
| 1 | 754619 | 2000754619 | 样本书库/样007架B面1层3列/ [索取号:R245/24] | 在馆 | |
| 2 | 754620 | 2000754620 | 中心书库中库/ 中库003架B面1列1层53/ [索取号:R245/24] | 在馆 | |
| 3 | 754621 | 2000754621 | 中心书库中库/ 中库003架A面6列1层51/ [索取号:R245/24] | 在馆 | |
| 4 | 754622 | 2000754622 | 中心书库中库/ 中库003架A面6列1层52/ [索取号:R245/24] | 在馆 | |
| 5 | 754623 | 2000754623 | 中心书库中库/ 中库003架B面1列1层54/ [索取号:R245/24] | 在馆 | |
| 6 | 754624 | 2000754624 | 中心书库中库/ 中库003架B面1列1层55/ [索取号:R245/24] | 在馆 |